Normal view
MARC view
- Nabeel Hasan
Entry Personal Name
001 - CONTROL NUMBER
- control field: 84918
003 - CONTROL NUMBER IDENTIFIER
- control field: NUST
005 - DATE AND TIME OF LATEST TRANSACTION
- control field: 20211123115532.0
008 - FIXED-LENGTH DATA ELEMENTS
- fixed length control field: 211123|| aca||aabn | a|a d
040 ## - CATALOGING SOURCE
- Original cataloging agency: NUST
- Transcribing agency: NUST
100 ## - HEADING--PERSONAL NAME
- Personal name: Nabeel Hasan
670 ## - SOURCE DATA FOUND
- Source citation: Work cat.: (NUST): Nabeel Hasan, TH-SOF-1846-Development of New Frequency Weighted Model Reduction Technique, 2021.
